1007 1820 1838 1783 1565 1110 1596 1969 1216 1406 1953 1483 1261 1029 1671 1615 1411 1969 1730 1195 1257 1937 1809 1105 1338 1368 1004 1455 1572 1349 1708 1922 1398 1369 1641 1422 1871 1751 1262 1705 1368 1892 1924 1638 1831 1739 1952 1659 1550 1477 1592 1087 1256 1141 1695 1119 1920 1435 1358 1339 1060 1729 1738 1360 1415 1477 1736 1469 1404 1511 1458 1161 1643 1220 1670 1190 1636 1741 1307 1661 1938 1730 1704 1666 1810 1206 1808 1645 1965 1451 1423 1364 1562 1433 1206 1592 1232 1818 1520 BCNSPRNW ULIB Ver.6.0+V

เปลี่ยนเป็นภาษาไทย

Change to English
 แสดงรายละเอียดบรรณานุกรม
  กลับหน้าหลัก

Brief Record : Get Marc (ISO 2709) : E-mail record : QR code < ปิดหน้าต่าง
LEADER : 00000nam 2200000uu 4500
001    13399111502
003     ULIB
008    110629s2542||||th 000 0 tha d
020    9742919135
060  4 QV55^bอ418ย
100 0  อรุณี หาญทวีพันธุ์
245 00 ยาลดความดันโลหิต /^cเขียนโดย อรุณี หาญทวีพันธุ์
260    กรุงเทพฯ :^bเมคอินโฟ จี.ดี.,^c2542
300    115 หน้า :^bภาพประกอบ;^21 ซม.
650  0 ยา
650  0 ความดันโลหิต
945    ^p0^l0^i10238
945    ^p0^l0^i10236
945    ^p0^l0^i10239
945    ^p0^l0^i10237
945    ^p0^l0^i10235
995    กัณชพร
999 ^a ใช้งานได้ทุกระบบ
รายการนี้ยังไม่มีแท็ก
คุณยังไม่ได้ล็อกอิน คุณสามารถมีกิจกรรมร่วมกับเว็บไซต์ได้ แต่ต้องล็อกอินก่อน ::
  ล็อกอิน

รายการสื่อสารสนเทศ

ลำดับที่ ประเภท เลขเรียก/บาร์โค้ด สถานที่ สถานะ
- ไม่พบข้อมูล -

รายการใกล้เคียง
    หัวเรื่อง [ยา]
    หัวเรื่อง [ความดันโลหิต]

BibComment


ยังไม่เคยถูกคอมเมนท์

คอมเมนท์ทรัพยากรรายการนี้
  คอมเมนท์: ยาลดความดันโลหิต ..


 Copyright 2026. Bcnsprnw @Library